| 000 | 00860nac a22002537a 4500 | ||
|---|---|---|---|
| 001 | BR9404308 | ||
| 003 | BR-BrBNA | ||
| 005 | 20240105121551.0 | ||
| 008 | 230509b bl.|||m| |||| 00| 0 por d | ||
| 040 |
_aBR-BrBNA _bpor _cBiblioteca Nacional de Agricultura |
||
| 072 | _aQ03 | ||
| 090 | _aQ03 BR9404308 | ||
| 100 | 1 | _aGalvao, L.M. de M. | |
| 110 | 1 |
_aUniversidade Federal do Rio Grande do Norte, Natal (Brasil) _911135 |
|
| 245 | 1 | _aCaracterizacao bioquimica de salmonelas isoladas no Brasil | |
| 260 | 3 |
_aNatal, RN (Brasil): _c1982. |
|
| 300 | _a87 p. | ||
| 490 |
_aTextos Academicos - Universidade Federal do Rio Grande do Norte (Brazil) _vno. 273 _x |
||
| 500 | _aBibliography p. 78-87 (89 ref.); Summaries (En, Pt> | ||
| 650 | _aSalmonelose | ||
| 650 | _aBioquimica | ||
| 909 |
_a202312 _bLúcia Elande _c55 _dLúcia Elande |
||
| 942 |
_2AGRIS _n0 _cMS |
||
| 999 |
_c286057 _d286057 |
||